书目信息 |
| 题名: |
武功薪传
|
|
| 作者: | 张义尚 编著 | |
| 分册: | ||
| 出版信息: | 北京 社会科学文献出版社 2016.06 |
|
| 页数: | 501页 | |
| 开本: | 22cm | |
| 丛书名: | 述而作 | |
| 单 册: | ||
| 中图分类: | G852.6 , R214 | |
| 科图分类: | ||
| 主题词: | 武术气功 , 气功--养生(中医) | |
| 电子资源: | ||
| ISBN: | 978-7-5097-9062-5 | |
| 000 | 00925oam2 2200301 450 | |
| 001 | 0120161946848 | |
| 005 | 20170418143113.25 | |
| 010 | @a978-7-5097-9062-5@b精装@dCNY69.00 | |
| 100 | @a20160629d2016 em y0chiy50 ea | |
| 101 | 0 | @achi |
| 102 | @aCN@b110000 | |
| 105 | @ay z 000yy | |
| 106 | @ar | |
| 200 | 1 | @a武功薪传@9wu gong xin chuan@f张义尚编著 |
| 205 | @a修订版 | |
| 210 | @a北京@c社会科学文献出版社@d2016.06 | |
| 215 | @a501页@d22cm | |
| 225 | 2 | @a述而作 |
| 330 | @a本书收录了张义尚先生武术方面的著作,包括金家功夫述略、武术杂谈、武术阐微、太极漫谈、真传易筋经、气功七论、峨眉宗气功摘录、心气秘旨修习口诀等部分。 | |
| 333 | @a武术爱好者 | |
| 461 | 0 | @12001 @a述而作 |
| 606 | 0 | @a武术气功 |
| 606 | 0 | @a气功@x养生(中医) |
| 690 | @aG852.6@v5 | |
| 690 | @aR214@v5 | |
| 701 | 0 | @a张义尚@9zhang yi shang@f(1910-)@4编著 |
| 801 | 0 | @aCN@b人天书店@c20160629 |
| 905 | @b984976-79@dG852.6@e314=2@f4 | |
| 武功薪传/张义尚编著.-修订版.-北京:社会科学文献出版社,2016.06 |
| 501页;22cm.-(述而作) |
| 使用对象:武术爱好者 |
| ISBN 978-7-5097-9062-5(精装):CNY69.00 |
| 本书收录了张义尚先生武术方面的著作,包括金家功夫述略、武术杂谈、武术阐微、太极漫谈、真传易筋经、气功七论、峨眉宗气功摘录、心气秘旨修习口诀等部分。 |
| ● |
| 相关链接 |
|
|
|
|
正题名:武功薪传
索取号:G852.6/314=2
 
预约/预借
| 序号 | 登录号 | 条形码 | 馆藏地/架位号 | 状态 | 备注 |
| 1 | 984976 | 209849761 | 第一样本阅览室/ [索取号:G852.6/314=2] | 在馆 | |
| 2 | 984977 | 209849770 | 密集书库-体育系/ [索取号:G852.6/314=2] | 在馆 | |
| 3 | 984978 | 209849789 | 第四借阅区/ [索取号:G852.6/314=2] | 在馆 | |
| 4 | 984979 | 209849798 | 第四借阅区/ [索取号:G852.6/314=2] | 在馆 |